Les personnages de la franchise Rayman en images - Statistiques

Statistiques générales
  • Ce quiz a été pris 83 fois
  • Le résultat moyen est 8 sur 24
Statistiques - réponses
Par images Réponse % Correct
Rayman
100%
Globox
79%
Lapin crétin
72%
Murfy
47%
Ptizêtre
43%
André
41%
Moskito
41%
Barbara
37%
Ly
29%
Clark
28%
Hoodlum
28%
Amiral Barbe-Tranchante
24%
Polokus
24%
Electoon / Toon
22%
Le Magicien
21%
Mr Dark
21%
Reflux
21%
Betilla
18%
Comte Razoff
16%
Big Mama / Mamma Voudou
12%
Antitoon / Darktoon
10%
Bégoniax
9%
Jano
9%
Uglette
9%
Aucun quiz correspondant
Distribution des résultats
% des personnes avec chaque résultat
Percentile par nombre de réponses
Votre historique - résultats
Vous n’avez pas pris ce quiz